|
|
|
|
| LEADER |
00000nab a2200000 a 4500 |
| 001 |
vtls000413650 |
| 003 |
SK-MaSNL |
| 005 |
20260304024541.0 |
| 008 |
160204c1988 xo 0 slo |
| 015 |
|
|
|a SNBRA19rr/mm-uuuuu
|
| 035 |
|
|
|a CL0413775
|
| 040 |
|
|
|a SNKBUCL
|b slo
|c SNKBUCL
|e AACR2
|
| 041 |
0 |
|
|a slo
|
| 044 |
|
|
|a xo
|c SK
|
| 080 |
|
|
|a 801.316.4
|2 1981
|
| 100 |
1 |
|
|a Kaščák, Michal
|4 aut
|9 483056
|
| 245 |
1 |
0 |
|a Motivácia odborných termínov v strojárstve
|c Michal Kaščák
|
| 300 |
|
|
|b Res. slov., angl., nem., rus., lit. 8 zázn. v slov., češ., ruš.
|
| 650 |
0 |
7 |
|a odborná terminológia
|2 snkbucl
|9 3616
|
| 655 |
|
7 |
|a články zo zborníkov
|2 snkbucl
|9 166140
|
| 773 |
0 |
|
|t Práce a štúdie Vysokej školy dopravy a spojov v Žiline. Séria spoločenskovedná 15
|d Bratislava : Alfa, 1988
|g S. 13-20
|
| 850 |
|
|
|a Slovenská národná knižnica v Martine
|a MTA001
|
| 852 |
|
|
|a SNK
|b KIS3GCP
|
| 958 |
|
|
|a NB
|
| 958 |
|
|
|a RK
|
| 992 |
|
|
|a RZB
|
| 999 |
|
|
|c 2622428
|d 2624358
|